00617nam a2200205Ia 4500008004100000050001200041050001500053100003100068245009400099245003100193260003100224260001000255260001000265300001500275300002000290300001100310500005600321521001500377999001900392170504s9999 xx 000 0 und d aBF 683  b.P225 2016 aParco, Khrizzia Ann Mae N. aSelf-motivation and work values of selected college working students in Las Piñas city/ cKhrizzia Ann Mae N. Parco. aLas Piñas, Philippines : bSISC, c2016. a98 pages : billustrations ; c28 cm. aIncludes bibliographical references and appendices. aPsychology c329817d329817